000 00308nam a22001337a 4500
008 190129b xxu||||| |||| 00| 0 eng d
020 _a9780871013088
041 _aeng
080 _a371
100 _a46
101 _aEDU
245 _aClinical Intervention with Families
_cMattaini,M.A
942 _2udc
_cBK
999 _c53839
_d53839